Statistics for European countries in 90 Seconds

Click here to take the quiz!

General Stats

  • This quiz has been taken 229 times
    (219 since last reset)
  • The average score is 30 of 47

Answer Stats

Answer% Correct
France
85%
Spain
81%
Germany
79%
Ireland
78%
Portugal
78%
Norway
76%
Sweden
75%
Andorra
74%
Finland
73%
Iceland
73%
Latvia
73%
Albania
72%
Croatia
72%
Denmark
72%
Estonia
71%
Italy
71%
Lithuania
71%
Belgium
69%
Austria
68%
Romania
68%
Holy See
67%
Netherlands
67%
Russia
67%
Serbia
67%
Slovakia
67%
Ukraine
67%
Poland
64%
Slovenia
64%
Bosnia and Herzegovina
62%
Bulgaria
62%
Greece
62%
Luxembourg
61%
Monaco
61%
Belarus
59%
San Marino
59%
Czech Republic
58%
Switzerland
58%
Malta
56%
Hungary
55%
Kosovo
55%
Liechtenstein
55%
North Macedonia
54%
Moldova
53%
Montenegro
53%
England
36%
Scotland
27%
Wales
25%

Score Distribution

Percentile by Number Answered

Percent of People with Each Score

Your Score History

You have not taken this quiz since the last reset